Плоская и сферическая тригонометрии (Запись № 9666492)
[ простой вид ]
| 000 -МАРКЕР | |
|---|---|
| контрольное поле | 03589nam0a22005171 4500 |
| 001 - ИДЕНТИФИКАТОР ЗАПИСИ | |
| контрольное поле | RU\NLR\A1\2107 |
| 005 - ИДЕНТИФИКАТОР ВЕРСИИ | |
| контрольное поле | 20260407102333.0 |
| 035 ## - ДРУГИЕ СИСТЕМНЫЕ НОМЕРА | |
| Идентификатор записи | (NLR Aleph) 009672130 |
| 100 ## - ДАННЫЕ ОБЩЕЙ ОБРАБОТКИ | |
| Данные общей обработки | 19960429d1800 a y0rusy50 ca |
| 101 1# - ЯЗЫК РЕСУРСА | |
| Язык текста, звукозаписи и т.д. | русский |
| Язык оригинала | французский |
| 102 ## - СТРАНА ПУБЛИКАЦИИ ИЛИ ПРОИЗВОДСТВА | |
| Страна публикации | Российская Федерация |
| 135 ## - ПОЛЕ КОДИРОВАННЫХ ДАННЫХ: ЭЛЕКТРОННЫЕ РЕСУРСЫ | |
| Кодированные данные для электронного ресурса | crcn 024anaba |
| 140 ## - ПОЛЕ КОДИРОВАННЫХ ДАННЫХ: СТАРОПЕЧАТНЫЕ ИЗДАНИЯ - ОБЩАЯ ИНФОРМАЦИЯ | |
| Кодированные данные о старопечатном издании - Основные | y y ekc yaa0000 |
| 200 1# - ЗАГЛАВИЕ И СВЕДЕНИЯ ОБ ОТВЕТСТВЕННОСТИ | |
| Основное заглавие | Плоская и сферическая тригонометрии |
| Первые сведения об ответственности | переведенныя из Курса г. Безу, |
| Последующие сведения об ответственности | Морскаго Шляхетнаго кадетскаго корпуса гимназистами Иваном Соболевым и Никифором Лебедевым |
| 205 ## - СВЕДЕНИЯ ОБ ИЗДАНИИ | |
| Сведения об издании | Печатаны вторым тиснением |
| 210 ## - ПУБЛИКАЦИЯ, РАСПРОСТРАНЕНИЕ И ДР. | |
| Место издания, распространения и т.д. | [Санкт-Петербург.] |
| Имя издателя, распространителя и т. д. | при типографии онагож Корпуса |
| Дата издания, распространения и т.д. | 1800 |
| 215 ## - ФИЗИЧЕСКАЯ ХАРАКТЕРИСТИКА | |
| Специфическое обозначение материала и объем | [2], 88 с., VI-VII л. черт. |
| Размеры | 8° |
| 307 ## - ПРИМЕЧАНИЯ, ОТНОСЯЩИЕСЯ К ФИЗИЧЕСКОМУ ОПИСАНИЮ | |
| Текст примечания | Черт.: резц. грав. В предыдущих изд., отсутствующие черт.I-V относились к Геометрии Э.Безу |
| 316 ## - ПРИМЕЧАНИЯ ОБ ОСОБЕННОСТЯХ ЭКЗЕМПЛЯРА | |
| Текст примечания | Экз. РНБ (138/2945) в составном картон. пер., обтянутом бумагой, с кожаным корешком и уголками. На нижней крышке пер. экслибрис рус. фонда ГПБ с шифром. Корешок гладкий с блинтовым тиснением, кожаной наклейкой с вытисн. загл.: "Плос триг". На форзаце техн. библиотеч. пометы. На тит. л. штамп проверки 1953. На обороте тит. л., с.33, обороте листа с черт. VI круглый штамп ГПБ. На обороте листа с черт. VII штамп обмена 1962. Размер: 21,5х13х1,3 см |
| Организация и экземпляр, к которому относится поле | NLR:138/2945 |
| 317 ## - ПРИМЕЧАНИЯ О ПРОИСХОЖДЕНИИ ЭКЗЕМПЛЯРА | |
| Текст примечания | В экз РНБ (138/2945) на тит. л. штамп Б-ки Горного ин-та (Богомолов 4060) |
| Организация и экземпляр, к которому относится поле | NLR:138/2945 |
| 321 1# - ПРИМЕЧАНИЯ ОБ ОТДЕЛЬНО ИЗДАННЫХ УКАЗАТЕЛЯХ / РЕФЕРАТАХ / ССЫЛКАХ, ОТРАЖАЮЩИХ КАТАЛОГИЗИРУЕМЫЙ ДОКУМЕНТ | |
| Примечания об указателях, рефератах, ссылках | СК XVIII 453 |
| 325 ## - ПРИМЕЧАНИЕ О КОПИИ | |
| Текст примечания | Копия доступна в Электрон. б-ке РНБ |
| 620 ## - МЕСТО И ДАТА ПУБЛИКАЦИИ, ИСПОЛНЕНИЯ И Т. Д. | |
| Город | Санкт-Петербург |
| 700 #1 - ИМЯ ЛИЦА - ПЕРВИЧНАЯ ОТВЕТСТВЕННОСТЬ | |
| Код отношения | Автор |
| Графика поля | Кириллица |
| Материалы, к которым относится поле | rus |
| Начальный элемент ввода | Безу |
| Часть имени, кроме начального элемента ввода | Э. |
| Даты | 1730-1783 |
| Расширение инициалов личного имени | Этьен |
| Системный номер авторитетной/нормативной записи | 160439 |
| Идентификатор авторитетной/нормативной записи | RU\NLR\AUTH\770160481 |
| 702 #1 - ИМЯ ЛИЦА - ВТОРИЧНАЯ ОТВЕТСТВЕННОСТЬ | |
| Код отношения | Переводчик |
| Графика поля | Кириллица |
| Материалы, к которым относится поле | rus |
| Начальный элемент ввода | Соболев |
| Часть имени, кроме начального элемента ввода | И. |
| Дополнения к именам, кроме дат | учитель-переводчик |
| Даты | ок.1770- |
| Расширение инициалов личного имени | Иван |
| Системный номер авторитетной/нормативной записи | 168014 |
| Идентификатор авторитетной/нормативной записи | RU\NLR\AUTH\770168062 |
| 702 #1 - ИМЯ ЛИЦА - ВТОРИЧНАЯ ОТВЕТСТВЕННОСТЬ | |
| Код отношения | Переводчик |
| Графика поля | Кириллица |
| Материалы, к которым относится поле | rus |
| Начальный элемент ввода | Лебедев |
| Часть имени, кроме начального элемента ввода | Н. К. |
| Дополнения к именам, кроме дат | учитель-переводчик |
| Даты | ок.1774- |
| Расширение инициалов личного имени | Никифор Кононович |
| Системный номер авторитетной/нормативной записи | 168018 |
| Идентификатор авторитетной/нормативной записи | RU\NLR\AUTH\770168066 |
| 712 02 - НАИМЕНОВАНИЕ ОРГАНИЗАЦИИ - ВТОРИЧНАЯ ОТВЕТСТВЕННОСТЬ | |
| Код отношения | Печатник (типограф) |
| Начальный элемент ввода | Морской кадетский корпус |
| Структурное подразделение | Типография |
| Идентифицирующий признак | Петербург |
| Системный номер авторитетной/нормативной записи | 355962 |
| Идентификатор авторитетной/нормативной записи | RU\NLR\AUTH\889930200 |
| 801 #0 - ИСТОЧНИК ЗАПИСИ | |
| Страна | Российская Федерация |
| Организация | NLR |
| Дата составления | 19960429 |
| 852 ## - МЕСТОНАХОЖДЕНИЕ И ШИФР ХРАНЕНИЯ | |
| Идентификатор организации | NLR |
| Шифр хранения (Call Number) | 138/2945 |
| 856 #0 - МЕСТОНАХОЖДЕНИЕ ЭЛЕКТРОННЫХ РЕСУРОВ И ДОСТУП К НИМ | |
| Универсальный идентификатор ресурса (Uniform Resource Identifier) | https://vivaldi.nlr.ru/bx000019284/view |
| 856 #1 - МЕСТОНАХОЖДЕНИЕ ЭЛЕКТРОННЫХ РЕСУРОВ И ДОСТУП К НИМ | |
| Универсальный идентификатор ресурса (Uniform Resource Identifier) | https://vivaldi.nlr.ru/bx000019284/cover |
| 856 #2 - МЕСТОНАХОЖДЕНИЕ ЭЛЕКТРОННЫХ РЕСУРОВ И ДОСТУП К НИМ | |
| Универсальный идентификатор ресурса (Uniform Resource Identifier) | https://vivaldi.nlr.ru/bx000019284/text |
| 899 ## - ДАННЫЕ О МЕСТОНАХОЖДЕНИИ (устаревшее) | |
| Местонахождение | БАН |
| 942 ## - ДОПОЛНИТЕЛЬНЫЕ ЭЛЕМЕНТЫ ЗАПИСИ (АБИС) | |
| Тип экземпляра АБИС | Книга |
| 980 ## - КОЛЛЕКЦИЯ | |
| Название коллекции | Национальная библиография |
| 980 3# - КОЛЛЕКЦИЯ | |
| Название коллекции | КП2020 Первая четверть 19 в. |
| 980 3# - КОЛЛЕКЦИЯ | |
| Название коллекции | КП2020 Книжные памятники 2020 г. |
| 980 3# - КОЛЛЕКЦИЯ | |
| Название коллекции | Книжные памятники РНБ |
| 980 ## - КОЛЛЕКЦИЯ | |
| Название коллекции | Русская книга гражданской печати XVIII в. в библиотеках РФ |
| 981 22 - КОЛЛЕКЦИЯ ЭЛЕКТРОННОЙ БИБЛИОТЕКИ | |
| Название коллекции | Материалы по истории России |
| Название подколлекции | 2.05. Культура. Наука. Просвещение. |
| 981 20 - КОЛЛЕКЦИЯ ЭЛЕКТРОННОЙ БИБЛИОТЕКИ | |
| Название коллекции | Книжные памятники РНБ |
| Название подколлекции | Русский книжный фонд |
Нет доступных экземпляров.